000 00646nam a2200265Ia 4500
005 20260121165421.0
008 008 260114s9999 xx 000 0 eng d
020 _a9783319466484
037 _aEBOOK
040 _aCRL
040 _beng
040 _cCRL
041 _2eng
041 _aeng
084 _qCRL
100 _aDavid Ward
_91051447
245 0 _aContemporary Italian Narrative and 1970s Terrorism
260 _bSpringer
260 _bSpringer
260 _c2017
856 _uhttps://link.springer.com/openurl?genre=book&isbn=978-3-319-46648-4
942 _cEBOOK
999 _c1617172
_d1617172